000 00691nam a2200253Ia 4500
003 OSt
005 20220918164315.0
006 a|||||r|||| 00| 0
007 ta
008 220917b |||||||| |||| 00| 0 eng d
020 _a0521403499
024 _a3,105
037 _cTextual
040 _aARTS
_cARTS
_beng
041 _2eng
_aeng
082 _aO111,3M57:g, N1
100 _aAmbrosini Richard
_918214
245 0 _aConrad's fiction as critical discourse
260 _aCambridge
_bCUP
_c1991
300 _axiii,253p Bibliography
_ccm.
650 _aENGLISH LITERATURE
942 _hO111,3M57:g, N1
_cTEXL
_2CC
999 _c124147
_d124147